Para la construcción de escuelas : convenio especial entre el Estado y la Diputación Provincial convenio especial entre el Estado y la Diputación Provincial
Colección:
San Jorge,
; núm. 11 (juliol 1953), pàg 93
Materias:
Barcelona (Catalunya : Província). -- Diputació
; Boletín Oficial del Estado (BOE) (Espanya)
; Escoles -- Barcelona (Província)
Idioma:
Español
MARC
| LEADER | 00000naa a2200000 a 4500 | ||
|---|---|---|---|
| 003 | Arxiu | ||
| 005 | 20260324181025.0 | ||
| 008 | 160829s1953 spc xx s spa c | ||
| 040 | |a agdb | ||
| 245 | 0 | 0 | |a Para la construcción de escuelas : |b convenio especial entre el Estado y la Diputación Provincial |
| 490 | |a San Jorge, |v núm. 11 (juliol 1953), pàg 93 | ||
| 610 | 1 | 0 | |a Barcelona (Catalunya : Província). |b Diputació |9 52408 |
| 610 | 1 | 0 | |a Boletín Oficial del Estado (BOE) (Espanya) |9 54801 |
| 650 | 0 | |a Escoles |9 54800 |z Barcelona (Província) | |
| 773 | |g Núm. 11 (juliol 1953), pàg 93 |t San Jorge. | ||
| 901 | |a Arxiu | ||
| 942 | |n 1 |2 udc |c ART | ||
| 952 | |0 0 |1 0 |4 0 |6 REV508 |7 1 |9 64441 |a Arxiu |b Arxiu |d 2022-11-29 |o Rev-508 |r 2022-11-29 00:00:00 |w 2022-11-29 |y ARXIU |z També disponible a Rev-522 | ||
| 999 | |c 43986 |d 43986 | ||